[Event "Baden Wuerttemberg-ch Seniors op 2nd"]
[Site "Freudenstadt"]
[Date "2016.07.02"]
[Round "2"]
[White "Grigat, Klaus Dieter"]
[Black "Schrems, Hermann"]
[Result "1/2-1/2"]
[WhiteElo "1956"]
[BlackElo "2084"]
[PlyCount "97"]
[EventDate "2016.07.01"]
[EventType "swiss"]
[EventRounds "9"]
[EventCountry "GER"]
[SourceTitle "EXT 2019"]
[Source "ChessBase"]
[SourceDate "2018.10.10"]
[SourceVersion "1"]
[SourceVersionDate "2018.10.10"]
[SourceQuality "1"]

1. e4 Nf6 2. Nc3 d5 3. exd5 Nxd5 4. Nxd5 Qxd5 5. d4 Nc6 6. Be3 e5 7. dxe5 Qxe5 8. c3 Bc5 9. Nf3 Qe7 10. Qd2 Bxe3 11. Qxe3 Qxe3+ 12. fxe3 0-0 13. Bb5 Ne7 14. 0-0-0 Be6 15. a3 a6 16. Bd3 h6 17. e4 Rad8 18. Rd2 c5 19. Rhd1 Nc6 20. Bc2 Rxd2 21. Rxd2 Rd8 22. Rxd8+ Nxd8 23. b4 cxb4 24. axb4 Kf8 25. Kd2 Ke7 26. Ke3 Bd7 27. Bb3 Be6 28. Bc2 b6 29. Nd4 g6 30. Kd3 Bc8 31. g3 Bb7 32. c4 Kd6 33. Bb3 a5 34. bxa5 bxa5 35. Bc2 Kc5 36. Kc3 Nc6 37. Nb3+ Kd6 38. Nd2 g5 39. h4 gxh4 40. gxh4 Ke5 41. c5 Ba6 42. Nc4+ Kf4 43. Nd6 Ne5 44. c6 Nxc6 45. Nxf7 h5 46. Bd1 Kg3 47. Bxh5 Kxh4 48. Bd1 Kg3 49. Ba4 1/2-1/2

[Event "GER-chB Seniors 26th"]
[Site "Bad Neuenahr"]
[Date "2014.08.09"]
[Round "5"]
[White "Pawlik, Bodo"]
[Black "Grigat, Klaus Dieter"]
[Result "1/2-1/2"]
[WhiteElo "1936"]
[BlackElo "1923"]
[PlyCount "122"]
[EventDate "2014.08.05"]
[EventType "swiss"]
[EventRounds "9"]
[EventCountry "GER"]
[SourceTitle "EXT 2018"]
[Source "ChessBase"]
[SourceDate "2017.10.13"]
[SourceVersion "1"]
[SourceVersionDate "2017.10.13"]
[SourceQuality "1"]

1. d4 g6 2. c4 Bg7 3. Nf3 d6 4. Nc3 c6 5. e3 Nf6 6. Be2 a6 7. 0-0 b5 8. cxb5 cxb5 9. b4 Bd7 10. Bb2 Nc6 11. a3 d5 12. Rc1 0-0 13. Ne5 Rc8 14. Bf3 e6 15. Nxd7 Qxd7 16. Qb3 Qb7 17. Rfd1 Ne8 18. Ne2 Nd6 19. Nf4 Nc4 20. Ba1 Rfd8 21. Nd3 Ra8 22. Nc5 Qe7 23. Be2 h5 24. Bxc4 dxc4 25. Qb1 Qg5 26. Qe4 Qd5 27. Qxd5 exd5 28. Bc3 Rdb8 29. Nd7 Rb7 30. Nc5 Rba7 31. f3 Bf8 32. e4 dxe4 33. Nxe4 f5 34. Nc5 a5 35. bxa5 Nxa5 36. Bb4 Nc6 37. d5 Nxb4 38. axb4 Rd8 39. Ne6 Rd6 40. Ra1 Rxd5 41. Nxf8 Kxf8 42. Rxd5 Rxa1+ 43. Kf2 Ra2+ 44. Kf1 c3 45. Rc5 Rb2 46. Rxc3 Rxb4 47. Rc6 Kg7 48. Kf2 Rb2+ 49. Kg3 Kh6 50. h4 b4 51. Rb6 b3 52. Rb7 Rb1 53. f4 b2 54. Rb6 Kg7 55. Rb7+ Kf6 56. Rb6+ Ke7 57. Rb7+ Kd6 58. Rb8 Kd5 59. Rb7 Ke4 60. Rb4+ Kd3 61. Rb8 Ke4 1/2-1/2

[Event "SBDU-ch"]
[Site "Duisburg"]
[Date "2013.10.11"]
[Round "3"]
[White "Grigat, Klaus Dieter"]
[Black "Schultke, Alfred"]
[Result "1/2-1/2"]
[WhiteElo "1787"]
[BlackElo "1814"]
[PlyCount "32"]
[EventDate "2013.09.13"]
[EventType "swiss"]
[EventRounds "7"]
[EventCountry "GER"]
[SourceTitle "EXT 2015"]
[Source "ChessBase"]
[SourceDate "2014.11.20"]
[SourceVersion "1"]
[SourceVersionDate "2014.11.20"]
[SourceQuality "1"]

1. e4 e6 2. d4 d5 3. Nc3 Bb4 4. e5 c5 5. a3 Bxc3+ 6. bxc3 Qc7 7. Nf3 Ne7 8. Bd3 b6 9. 0-0 Ba6 10. a4 Bxd3 11. Qxd3 cxd4 12. cxd4 Nbc6 13. Ba3 Na5 14. Nd2 Nc4 15. Nxc4 Qxc4 16. Qxc4 dxc4 1/2-1/2

[Event "GER Cup17 final email"]
[Site "GER email"]
[Date "2011.03.01"]
[Round "?"]
[White "Bissmann, Stefan"]
[Black "Grigat, Klaus Dieter"]
[Result "1/2-1/2"]
[WhiteElo "2224"]
[BlackElo "2059"]
[PlyCount "83"]
[EventDate "2011.03.10"]
[EventType "tourn (corr)"]
[EventRounds "16"]
[EventCountry "GER"]
[SourceTitle "Corr 2015"]
[Source "ChessBase"]
[SourceDate "2015.07.17"]
[SourceVersion "1"]
[SourceVersionDate "2015.07.17"]
[SourceQuality "1"]
[WhiteTeam "Germany"]
[BlackTeam "Germany"]
[WhiteTeamCountry "GER"]
[BlackTeamCountry "GER"]

1. e4 e5 2. Nf3 Nc6 3. d4 exd4 4. Nxd4 Bc5 5. Be3 Qf6 6. c3 Nge7 7. Bc4 Ne5 8. Be2 0-0 9. 0-0 d5 10. f4 N5c6 11. e5 Qh4 12. Qd2 f6 13. g3 Qh3 14. exf6 Rxf6 15. Nxc6 Bxe3+ 16. Qxe3 Nxc6 17. Nd2 Bf5 18. Rae1 Bg6 19. Bd3 Re8 20. Qc5 Rd8 21. Bxg6 Rxg6 22. Nf3 Qd7 23. Qb5 Ne5 24. Qxb7 Nxf3+ 25. Rxf3 Rb6 26. Qxa7 Rxb2 27. Rf2 Rb6 28. Rfe2 Qc6 29. Qa3 Ra8 30. Qe7 h6 31. Qe5 Rba6 32. Rd1 Qc5+ 33. Kf1 c6 34. Rb1 R6a7 35. a4 Kh7 36. Kg2 Qf8 37. Rb6 Qc8 38. c4 Rxa4 39. cxd5 cxd5 40. Re6 d4 41. Re7 Qg4 42. Qe4+ 1/2-1/2

[Event "GER Cup17 final email"]
[Site "GER email"]
[Date "2011.03.01"]
[Round "?"]
[White "Grigat, Klaus Dieter"]
[Black "Fritsche, Frank"]
[Result "1/2-1/2"]
[WhiteElo "2059"]
[BlackElo "2129"]
[PlyCount "74"]
[EventDate "2011.03.10"]
[EventType "tourn (corr)"]
[EventRounds "16"]
[EventCountry "GER"]
[SourceTitle "Corr 2015"]
[Source "ChessBase"]
[SourceDate "2015.07.17"]
[SourceVersion "1"]
[SourceVersionDate "2015.07.17"]
[SourceQuality "1"]
[WhiteTeam "Germany"]
[BlackTeam "Germany"]
[WhiteTeamCountry "GER"]
[BlackTeamCountry "GER"]

1. e4 c5 2. Nf3 Nc6 3. d4 cxd4 4. Nxd4 Nf6 5. Nc3 e5 6. Ndb5 d6 7. Bg5 a6 8. Na3 b5 9. Nd5 Be7 10. Bxf6 Bxf6 11. c3 0-0 12. Nc2 Bg5 13. a4 bxa4 14. Rxa4 a5 15. Bc4 Bd7 16. Nce3 Ne7 17. Ra3 Nxd5 18. Nxd5 a4 19. 0-0 Rb8 20. Qe2 Qc8 21. Rb1 Bg4 22. Qd3 Bd7 23. Nb4 g6 24. Rba1 Kh8 25. b3 axb3 26. Bxb3 Bb5 27. Qxd6 Qxc3 28. Ba4 Qb2 29. R3a2 Qd4 30. Qxd4 exd4 31. Bxb5 Rxb5 32. Nd5 f5 33. f4 Bd8 34. Rd1 fxe4 35. Rxd4 g5 36. Nc3 Rbf5 37. Rxe4 Bb6+ 1/2-1/2

[Event "GER Cup17 final email"]
[Site "GER email"]
[Date "2011.03.01"]
[Round "?"]
[White "Mathias, Manfred"]
[Black "Grigat, Klaus Dieter"]
[Result "1/2-1/2"]
[WhiteElo "2078"]
[BlackElo "2059"]
[PlyCount "96"]
[EventDate "2011.03.10"]
[EventType "tourn (corr)"]
[EventRounds "16"]
[EventCountry "GER"]
[SourceTitle "Corr 2015"]
[Source "ChessBase"]
[SourceDate "2015.07.17"]
[SourceVersion "1"]
[SourceVersionDate "2015.07.17"]
[SourceQuality "1"]
[WhiteTeam "Germany"]
[BlackTeam "Germany"]
[WhiteTeamCountry "GER"]
[BlackTeamCountry "GER"]

1. e4 e5 2. Nf3 Nc6 3. d4 exd4 4. Nxd4 Bc5 5. Be3 Qf6 6. c3 Nge7 7. Bc4 Ne5 8. Be2 0-0 9. 0-0 d5 10. f4 N5c6 11. e5 Qh4 12. Na3 Nxd4 13. cxd4 Bb6 14. Nb5 Nf5 15. Qd2 Nxe3 16. Qxe3 f6 17. a4 a5 18. Rad1 fxe5 19. fxe5 Rxf1+ 20. Bxf1 Be6 21. Nc3 c6 22. Be2 Rf8 23. Bf3 Qe7 24. Ne2 Qb4 25. b3 Bf5 26. Rc1 Bd8 27. g3 Bh3 28. Rd1 Kh8 29. Nf4 Bg5 30. Bg2 Bf5 31. Rf1 Bh6 32. h4 Kg8 33. Kh2 b6 34. Qc1 Bd7 35. e6 Be8 36. Qe3 Qe7 37. Bh3 g5 38. hxg5 Bxg5 39. Qe2 Qg7 40. Qd3 Be7 41. Bf5 Rf6 42. Kg1 Bd6 43. Rf3 Kh8 44. g4 Rh6 45. Kg2 Rh4 46. Rf2 Qh6 47. Qg3 Qg5 48. Qe3 Qf6 1/2-1/2

[Event "GER Cup17 final email"]
[Site "GER email"]
[Date "2011.03.01"]
[Round "?"]
[White "Nogga, Uwe"]
[Black "Grigat, Klaus Dieter"]
[Result "1/2-1/2"]
[WhiteElo "2140"]
[BlackElo "2059"]
[PlyCount "97"]
[EventDate "2011.03.10"]
[EventType "tourn (corr)"]
[EventRounds "16"]
[EventCountry "GER"]
[SourceTitle "Corr 2015"]
[Source "ChessBase"]
[SourceDate "2015.07.17"]
[SourceVersion "1"]
[SourceVersionDate "2015.07.17"]
[SourceQuality "1"]
[WhiteTeam "Germany"]
[BlackTeam "Germany"]
[WhiteTeamCountry "GER"]
[BlackTeamCountry "GER"]

1. e4 e5 2. Nf3 Nc6 3. Bb5 a6 4. Ba4 d6 5. 0-0 Bg4 6. h3 Bh5 7. c3 Nf6 8. Bxc6+ bxc6 9. d4 exd4 10. cxd4 Be7 11. Nbd2 0-0 12. Qc2 c5 13. dxc5 d5 14. e5 Bg6 15. Qc3 Ne4 16. Nxe4 dxe4 17. Ne1 Qd5 18. Be3 f5 19. f4 exf3 20. Nxf3 f4 21. Rfd1 Qc6 22. Bf2 Be4 23. Rd4 Rad8 24. Rad1 Rxd4 25. Rxd4 Bxf3 26. Qb3+ Kh8 27. Qxf3 Qxc5 28. Qe2 Bh4 29. Re4 Bxf2+ 30. Qxf2 Qc6 31. Qd4 Qc1+ 32. Kh2 Qf1 33. Qb4 Kg8 34. Qb3+ Kh8 35. Qf3 Qxf3 36. gxf3 g5 37. h4 Kg7 38. Kh3 Kg6 39. e6 Re8 40. e7 gxh4 41. Kxh4 Kf6 42. Kg4 Rxe7 43. Rxf4+ Kg6 44. Ra4 h5+ 45. Kf4 Re6 46. Rc4 Re2 47. Rc6+ Kf7 48. Rxc7+ Kg8 49. Rc8+ 1/2-1/2

[Event "GER Cup17 final email"]
[Site "GER email"]
[Date "2011.03.01"]
[Round "?"]
[White "Uecker, Dieter"]
[Black "Grigat, Klaus Dieter"]
[Result "1/2-1/2"]
[WhiteElo "2046"]
[BlackElo "2059"]
[PlyCount "64"]
[EventDate "2011.03.10"]
[EventType "tourn (corr)"]
[EventRounds "16"]
[EventCountry "GER"]
[SourceTitle "Corr 2015"]
[Source "ChessBase"]
[SourceDate "2015.07.17"]
[SourceVersion "1"]
[SourceVersionDate "2015.07.17"]
[SourceQuality "1"]

1. b3 e5 2. Bb2 Nc6 3. e3 Nf6 4. c4 d5 5. cxd5 Nxd5 6. a3 Bd6 7. Qc2 0-0 8. Nf3 Nb6 9. Be2 f5 10. d3 Qf6 11. Nbd2 Bd7 12. b4 Nd8 13. Nc4 Nf7 14. 0-0 Rac8 15. Rac1 Nxc4 16. dxc4 c5 17. b5 Qh6 18. e4 g5 19. Ne1 g4 20. exf5 e4 21. g3 Bxf5 22. Ng2 Be5 23. Ne3 Qg6 24. Rcd1 Be6 25. Nd5 Rce8 26. Nf4 Qf5 27. Nxe6 Rxe6 28. Rd5 Ng5 29. Rxe5 Rxe5 30. Bxe5 Nf3+ 31. Bxf3 gxf3 32. Qd2 Qh3 1/2-1/2

[Event "Rheinhausen-ch 14th"]
[Site "Duisburg Rheinhausen"]
[Date "2010.03.26"]
[Round "7"]
[White "Grigat, Klaus Dieter"]
[Black "Kerkhoff, Johannes"]
[Result "1-0"]
[WhiteElo "1860"]
[BlackElo "1546"]
[PlyCount "81"]
[EventDate "2010.01.08"]
[EventType "swiss"]
[EventRounds "7"]
[EventCountry "GER"]
[SourceTitle "EXT 2018"]
[Source "ChessBase"]
[SourceDate "2017.10.13"]
[SourceVersion "1"]
[SourceVersionDate "2017.10.13"]
[SourceQuality "1"]

1. e4 e5 2. Nf3 Nc6 3. Bc4 Bc5 4. d3 d6 5. Ng5 Qf6 6. Bxf7+ Kf8 7. 0-0 h6 8. Bxg8 hxg5 9. Bb3 Qh6 10. Qf3+ Qf6 11. Qxf6+ gxf6 12. c3 Ke7 13. Be3 Bb6 14. Na3 Bd7 15. Bxb6 axb6 16. f3 Rh7 17. Rf2 Rah8 18. g3 f5 19. Rd1 Kd8 20. Nc4 b5 21. Nd2 Ne7 22. d4 Ng6 23. Bc2 f4 24. g4 b6 25. d5 Ne7 26. b4 Ng8 27. Bd3 Nf6 28. Be2 Ng8 29. c4 bxc4 30. Bxc4 b5 31. Be2 Ne7 32. Nb3 Nc8 33. Na5 Na7 34. Rc1 Kc8 35. Rc3 Kb8 36. Bf1 Rc8 37. Rfc2 Be8 38. Nc6+ Bxc6 39. dxc6 Ka8 40. Ra3 Rb8 41. Ra5 1-0

[Event "Rheinhausen-ch 14th"]
[Site "Duisburg Rheinhausen"]
[Date "2010.01.08"]
[Round "1"]
[White "Grigat, Klaus Dieter"]
[Black "Gerlach, Rico"]
[Result "1-0"]
[WhiteElo "1860"]
[BlackElo "1382"]
[PlyCount "57"]
[EventDate "2010.01.08"]
[EventType "swiss"]
[EventRounds "7"]
[EventCountry "GER"]
[SourceTitle "EXT 2018"]
[Source "ChessBase"]
[SourceDate "2017.10.13"]
[SourceVersion "1"]
[SourceVersionDate "2017.10.13"]
[SourceQuality "1"]

1. e4 c5 2. Nf3 d6 3. d4 cxd4 4. Nxd4 Nf6 5. Nc3 g6 6. Be2 Bg7 7. Be3 Nc6 8. Qd2 0-0 9. h4 h5 10. f3 Bd7 11. 0-0-0 Ne5 12. Bh6 Rc8 13. Bxg7 Kxg7 14. Rdg1 Nc4 15. Bxc4 Rxc4 16. g4 Qb6 17. Nb3 hxg4 18. h5 Rh8 19. hxg6 fxg6 20. Nd5 Nxd5 21. Qxd5 Qc6 22. Qd2 Qb6 23. Qg5 Kf7 24. Rf1 Rxh1 25. Rxh1 Rxc2+ 26. Kxc2 Qf2+ 27. Kb1 Qxf3 28. Rh7+ Ke8 29. Qxe7# 1-0

[Event "Duisburg SBDU-ch"]
[Site "Duisburg Wohndorf Laar"]
[Date "2008.12.12"]
[Round "7"]
[White "Grigat, Klaus Dieter"]
[Black "Leers Fischer, Hans"]
[Result "1-0"]
[WhiteElo "1831"]
[BlackElo "1994"]
[PlyCount "110"]
[EventDate "2008.09.05"]
[EventType "swiss"]
[EventRounds "7"]
[EventCountry "GER"]
[SourceTitle "EXT 2018"]
[Source "ChessBase"]
[SourceDate "2017.10.13"]
[SourceVersion "1"]
[SourceVersionDate "2017.10.13"]
[SourceQuality "1"]

1. e4 c5 2. Nf3 Nc6 3. d4 cxd4 4. Nxd4 g6 5. Nc3 Bg7 6. Be3 Nf6 7. Be2 0-0 8. Qd2 d6 9. h4 Qa5 10. h5 Nxd4 11. Qxd4 Nxe4 12. Qxe4 Bxc3+ 13. Kf1 Bf6 14. g4 Qe5 15. Qg2 Be6 16. Rd1 Qxb2 17. g5 Bg7 18. Qh2 Rfc8 19. hxg6 hxg6 20. Qh4 Rxc2 21. Bd4 Bxd4 22. Rxd4 Rc1+ 23. Bd1 Qb5+ 24. Kg2 Qe5 25. Qh7+ Kf8 26. Qh8+ Qxh8 27. Rxh8+ Kg7 28. Rxa8 a6 29. Bb3 Bf5 30. Rb8 f6 31. Rxb7 fxg5 32. Rxe7+ Kf6 33. Re8 Rc6 34. Rd8 Ke5 35. Rd5+ Kf4 36. R5xd6 Be4+ 37. Kf1 Rc1+ 38. Rd1 Rc3 39. Rf8+ Bf5 40. Ke2 g4 41. Be6 Rc6 42. Bxf5 gxf5 43. Rd4+ Ke5 44. Ra4 Rc2+ 45. Ke3 Rc3+ 46. Kd2 Rf3 47. Ke2 Rh3 48. Ra5+ Ke4 49. Raxf5 g3 50. Rf4+ Ke5 51. fxg3 Rxg3 52. Ra4 Rg6 53. Ra8 Kd5 54. R4xa6 Rg2+ 55. Kf3 Rh2 1-0

[Event "Duisburg SBDU-ch"]
[Site "Duisburg Wohndorf Laar"]
[Date "2008.11.27"]
[Round "6"]
[White "Hampel, Ernst"]
[Black "Grigat, Klaus Dieter"]
[Result "0-1"]
[WhiteElo "1594"]
[BlackElo "1831"]
[PlyCount "90"]
[EventDate "2008.09.05"]
[EventType "swiss"]
[EventRounds "7"]
[EventCountry "GER"]
[SourceTitle "EXT 2018"]
[Source "ChessBase"]
[SourceDate "2017.10.13"]
[SourceVersion "1"]
[SourceVersionDate "2017.10.13"]
[SourceQuality "1"]

1. d4 d5 2. c4 dxc4 3. e3 Nf6 4. Bxc4 Nc6 5. Nf3 Bg4 6. h3 Bh5 7. Nc3 e6 8. Qb3 Bxf3 9. gxf3 Na5 10. Qa4+ c6 11. Bd3 b5 12. Nxb5 Nd5 13. Nc3 Bb4 14. Bd2 0-0 15. a3 Bxc3 16. bxc3 Ne7 17. c4 Nb7 18. c5 Nxc5 19. Bxh7+ Kxh7 20. dxc5 Kg8 21. Ke2 Qd5 22. Qd4 Qxd4 23. exd4 Rfd8 24. Be3 Nf5 25. Rhd1 Rab8 26. Rd2 Rb3 27. Rd3 Rb2+ 28. Rd2 Rxd2+ 29. Kxd2 Nxd4 30. Bxd4 Rxd4+ 31. Kc3 Rf4 32. Rd1 Rxf3+ 33. Rd3 Rxd3+ 34. Kxd3 Kf8 35. Ke4 Ke7 36. f4 Kf6 37. h4 g6 38. a4 a5 39. Kd4 Kf5 40. Ke3 e5 41. fxe5 Kxe5 42. Kf3 Kd5 43. Kg4 f6 44. h5 gxh5+ 45. Kxh5 Kxc5 0-1